Cieľom opatrení je bezpečnosť občana

Vízia vývoja prevencie kriminality v SR v nasledujúcich rokoch (roky 2003-2006, 2007-2020). Aktívna stratégia prevencie kriminality. Dôležitosť vonkajších a vnútorných podmienok. Snaha o prevenciu na ústrednej, regionálnej a miestnej úrovni. Financovanie priorít. Mediálne kampane.

Saved in:
Bibliographic Details
Main Author: Bubelíni, Ján
Format: Book Chapter
Language:Slovak
Subjects:
Tags: Add Tag
No Tags, Be the first to tag this record!

MARC

LEADER 00000naa a2200000 4500
001 r046384
005 20230927092111.9
041 0 |a slo 
044 |a SK 
245 1 0 |a Cieľom opatrení je bezpečnosť občana  |c Ján Bubelíni 
520 |a Vízia vývoja prevencie kriminality v SR v nasledujúcich rokoch (roky 2003-2006, 2007-2020). Aktívna stratégia prevencie kriminality. Dôležitosť vonkajších a vnútorných podmienok. Snaha o prevenciu na ústrednej, regionálnej a miestnej úrovni. Financovanie priorít. Mediálne kampane. 
610 2 0 |a kriminalita 
610 2 0 |a prevencia 
610 2 0 |a vízie 
610 2 0 |a financovanie 
610 2 0 |a médiá 
610 2 0 |a Slovensko 
610 2 0 |a 2003-2006 
610 2 0 |a 2007-2020 
100 1 |a Bubelíni, Ján